[Event "Tczew-ch UKS Centrum"]
[Site "Tczew"]
[Date "2008.05.13"]
[Round "9"]
[White "Krzywkowski, Marcin"]
[Black "Belczewski, Arkadiusz"]
[Result "1-0"]
[WhiteElo "1889"]
[BlackElo "1619"]
[PlyCount "65"]
[EventDate "2008.04.01"]
[EventType "tourn"]
[EventRounds "9"]
[EventCountry "POL"]
[SourceTitle "EXT 2023"]
[Source "ChessBase"]
[SourceDate "2022.10.05"]
[SourceVersion "1"]
[SourceVersionDate "2022.10.05"]
[SourceQuality "1"]

1. e4 c5 2. Nf3 d6 3. d4 cxd4 4. Nxd4 Nf6 5. Nc3 a6 6. Bg5 e6 7. f4 Be7 8. Qf3 Nbd7 9. Bc4 Qc7 10. Bxe6 fxe6 11. Nxe6 Qc4 12. Nxg7+ Kf7 13. Nf5 Bf8 14. 0-0-0 Qe6 15. Rhe1 Rb8 16. Nd4 Qg4 17. Qf2 b5 18. e5 dxe5 19. Bxf6 Kxf6 20. fxe5+ Kg6 21. Kb1 Bb7 22. Rd3 Qxg2 23. Rg3+ Qxg3 24. Qxg3+ Kh5 25. e6 Be7 26. exd7 Rbg8 27. Qe5+ Bg5 28. Rg1 h6 29. h4 Rh7 30. hxg5 hxg5 31. Qe8+ Rg6 32. d8Q Rhg7 33. Qh8+ 1-0

[Event "Tczew-ch UKS Centrum"]
[Site "Tczew"]
[Date "2008.04.29"]
[Round "7"]
[White "Handke, Wlodzimierz"]
[Black "Belczewski, Arkadiusz"]
[Result "0-1"]
[WhiteElo "1570"]
[BlackElo "1619"]
[PlyCount "62"]
[EventDate "2008.04.01"]
[EventType "tourn"]
[EventRounds "9"]
[EventCountry "POL"]
[SourceTitle "EXT 2023"]
[Source "ChessBase"]
[SourceDate "2022.10.05"]
[SourceVersion "1"]
[SourceVersionDate "2022.10.05"]
[SourceQuality "1"]

1. e4 c5 2. Nf3 e6 3. Nc3 d6 4. d4 cxd4 5. Nxd4 a6 6. Bc4 Nf6 7. Bg5 Be7 8. 0-0 Qc7 9. b3 b5 10. Ncxb5 axb5 11. Bxb5+ Nbd7 12. f3 Qc5 13. Qd2 e5 14. b4 Qb6 15. Bc6 Ra3 16. Bxd7+ Bxd7 17. Be3 exd4 18. Bxd4 Qc7 19. e5 dxe5 20. Bb2 Qb6+ 21. Kh1 Ra8 22. Rfd1 0-0 23. Bxe5 Be6 24. a3 Rac8 25. c3 Bb3 26. Re1 Rfe8 27. Re3 Ng4 28. fxg4 Bg5 29. Bd4 Bxe3 30. Bxe3 Qxe3 31. Qb2 Qe1+ 0-1